01263 2200361 4500001002100000005001500021035002000036007000300056008004100059020002200100082001700122084001900139100003500158245018700193250003000380300004900410650004000459700003100499700003200530700002800562700003800590700003400628264003200662336002100694337003000715338002300745040002200768090002200790850001200812504003300824999002200857990002200879INLIS00000000090113220260106094451 a0010-0126000065ta260106s2025 yoia g ind d a978-634-01-0732-604223a362.1982 a362.1982 NUR s0 aNurul KusumawardaniePengarang10aStrategi konseling kefarmasian ibu hamil :btatap muka dan digital /cNurul Kusumawardani, Endang Darmawan, Sri Mulyaningsih, Eliza Dwinta, Dhina Puspasari Wijaya, Wiji Indah Lestari aCetakan pertama: Mei 2025 axvi 168 halaman :bilustrasi, tabel ;c23 cm 4aIbu dan anak--xPelayanan kesehatan0 aEndang DarmawanePengarang0 aSri MulyaningsihePengarang0 aEliza DwintaePengarang0 aDhina Puspasari WijayaePengarang0 aWiji Indah LestariePengarang31aSleman :bDeepublish,c2025 2rdacontentateks 2rdamediaatanpa perantara 2rdacarrieravolume aYOPDYOGbinderda aCB-D.11 2025-3864 aYOPDYOG aBibliografi: halaman 127-148 aCB-D.11/2025-3864 aCB-D.11/2025-3864